000
00322nam a22001457a 4500
003
OSt
005
20210929102224.0
008
210929b |||||||| |||| 00| 0 eng d
040
_c
hu
082
_a
301.24
245
_a
introducing social change
260
_a
new werk
_b
hall
_c
1965
300
_a
229
942
_2
ddc
_c
BOOKS
_n
0
999
_c
7379
_d
7379